000 01143cam a22003011 4500
001 75024
003 BD-RjUL
005 20211209082632.0
008 710421s1967 ne a b 100 0 eng
035 _a(BD-RjUL)75242
040 _aDLC
_cDLC
_dDLC
_beng
041 _aeng
082 0 0 _a632.96
_223
_bLAI 1967
111 2 _aInternational Colloquium on Insect Pathology and Microbial Control,
_cWageningen,
_d1966.
_9226842
245 1 0 _aInsect pathology and microbial control.
_bProceedings of the International Colloquium on Insect Pathology and Microbial Control, Wageningen, The Netherlands, September 5-10, 1966.
_cEditor P. A. van der Laan.
260 _aAmsterdam,
_bNorth-Holland Pub. Co.,
_c1967.
300 _axvi, 360 p. with illus.
_c23 cm.
350 _afl 50.00
504 _aIncludes bibliographies.
650 0 _aInsect pests
_xBiological control
_xCongresses.
_9226843
650 0 _aInsects
_xDiseases
_xCongresses.
_9226844
700 1 _aLaan, P. A. van der,
_9226845
906 _a7
_bcbc
_corignew
_du
_eopcn
_f19
_gy-gencatlg
942 _2ddc
_cBK
999 _c75024
_d75024